| 000 | 00000nam 2200000za 4500 |
| 001 | 9.867182 |
| 003 | CaOODSP |
| 005 | 20221107162237 |
| 007 | cr ||||||||||| |
| 008 | 190116t20192018quc o f000 0 eng d |
| 020 | |a9780660293202 |
| 040 | |aCaOODSP|beng |
| 043 | |an-cn-qu |
| 086 | 1 |aTU3-10/18-0100E-PDF |
| 110 | 2 |aTransportation Safety Board of Canada. |
| 245 | 10|aCollision with terrain, Air Saguenay (1980) inc., de Havilland DHC-2 (Beaver), C-FYYT, Jules Lake (Quebec), Manic-Cinq (Quebec), 44 nm WSW, 01 July 2018 |h[electronic resource]. |
| 260 | |aGatineau, QC : |bTransportation Safety Board of Canada, |c[2019], c2018. |
| 300 | |a8 p. : |bcol. ill. |
| 490 | 1 |aAir transportation safety investigation report ; |vA18Q0100 |
| 500 | |aThe copy has been replaced on February 1st, 2019 as requested by the issuing department. |
| 500 | |aIssued also in French under title: Collision avec le relief, Air Saguenay (1980) inc., de Havilland DHC-2 (Beaver), C-FYYT, lac Jules (Québec), Manic-Cinq (Québec), 44 nm WSW, 1er juillet 2018. |
| 500 | |aCaption title. |
| 504 | |aIncludes bibliographical references. |
| 692 | 07|2gccst|aAircraft accidents |
| 692 | 07|2gccst|aAir safety |
| 692 | 07|2gccst|aInvestigations |
| 775 | 08|tCollision avec le relief, Air Saguenay (1980) inc., de Havilland DHC-2 (Beaver), C-FYYT, lac Jules (Québec), Manic-Cinq (Québec), 44 nm WSW, 1er juillet 2018 |w(CaOODSP)9.867183 |
| 830 | #0|aAir transportation safety investigation brief ;|vA18Q0100.|w(CaOODSP)9.845270 |
| 856 | 40|qPDF|s269 KB|uhttps://publications.gc.ca/collections/collection_2019/bst-tsb/TU3-10-18-0100-eng.pdf |